Coolest African Countries - Statistics

General Stats
  • This quiz has been taken 947 times
    536 since last reset
  • The average score is 11 of 14
Answer Stats
degrees C Country % Correct
17.75 South Africa
95%
11.85 Lesotho
88%
21.40 Eswatini
85%
19.95 Namibia
85%
21.50 Botswana
84%
21 Zimbabwe
84%
21.40 Zambia
83%
21.55 Angola
81%
17.10 Morocco
73%
21.90 Malawi
72%
17.85 Rwanda
72%
19.20 Tunisia
69%
19.80 Burundi
66%
21.80 Libya
56%
No matching quizzes found
Score Distribution
Percent of People with Each Score
Percentile by Number Answered
Your Score History
You have not taken this quiz since the last reset